El Pueblo Guaymí y su futuro /
Enregistré dans:
| Collectivités auteurs: | , |
|---|---|
| Format: | Texte |
| Publié: |
Panamá:
Centro de Estudios y Acción Social-Panamá. CEASPA. Comité Patrocinador del Foro sobre el pueblo guaymí y su futuro
|
| Tags: |
Ajouter un tag
Pas de tags, Soyez le premier à ajouter un tag!
|
MARC
| LEADER | 00000 a a2200000 04500 | ||
|---|---|---|---|
| 001 | 20893 | ||
| 003 | |||
| 040 | |||
| 090 | |a 1001 P977p | ||
| 110 | |a Centro de Estudios y Acción Social de Panamá | ||
| 245 | |a El Pueblo Guaymí y su futuro / |c Centro de Estudios y Acción Social de Panamá | ||
| 260 | |a Panamá: |b Centro de Estudios y Acción Social-Panamá. CEASPA. Comité Patrocinador del Foro sobre el pueblo guaymí y su futuro | ||
| 300 | |a 403 p | ||
| 710 | |a CEASPA |a Comité Patrocinador del Foro sobre el pueblo guaymí y su futuro | ||
| 999 | |c 11770 |d 11770 | ||
